000
00301nam a22001457a 4500
008
221006b ||||| |||| 00| 0 eng d
020
_a
1556640846
041
_a
eng
080
_a
617
082
_a
617
100
_a
15
101
_a
ORO
245
_a
FACIAL FRACTURES
_c
HABAL
942
_2
udc
_c
BK
999
_c
58395
_d
58395